| 000 | 00518nam a2200193Ia 4500 | ||
|---|---|---|---|
| 003 | GCL | ||
| 008 | 140319s9999 xx 000 0 eng d | ||
| 040 |
_aGCL / _cGCL |
||
| 082 | 0 | 4 |
_a610.3 _bW O |
| 100 | 1 | _aWALTON, JOHN | |
| 245 | 1 | 0 |
_aTHE OXFORD MIEDICAL COMPANION / _cWALTON, JOHN |
| 700 | 1 | _aBARONDESS, JEREMIAH A | |
| 700 | 1 | _aLOCK, STEPHEN | |
| 260 |
_a[S.N] : _bOXFORD UNIVERSITY PRESS ، _c1994 |
||
| 300 | _a1038 P P | ||
| 650 | 0 | 4 | _aMEDICINE |
| 650 | 0 | 4 | _aMEDICAL SCIENCE - DICTIONARY |
| 942 |
_2ddc _cBK |
||
| 999 |
_c11975 _d11975 |
||